Crisis de Hegemonía de Estados Unidos /
Darío Salinas señala que las propuestas vinculadas al "libre comercio" han venido forjando una política cuyo despliegue integral se produce en términos abiertamente hegemónicos después del 11 de septiembre de 2001. Las concepciones de seguridad y la política económico-comercial constituyen...
محفوظ في:
| المؤلف الرئيسي: | |
|---|---|
| مؤلفون آخرون: | |
| التنسيق: | نص |
| منشور في: |
México, D. F:
CLACSO. Siglo Ventiuno Editores
|
| الموضوعات: | |
| الوسوم: |
إضافة وسم
لا توجد وسوم, كن أول من يضع وسما على هذه التسجيلة!
|
MARC
| LEADER | 00000 a a2200000 04500 | ||
|---|---|---|---|
| 001 | 37306 | ||
| 003 | |||
| 040 | |||
| 020 | |a 978-968-23-2676-9 | ||
| 090 | |a US.0003 C932c | ||
| 100 | |a Castillo Fernéndez, Didímo | ||
| 245 | |a Crisis de Hegemonía de Estados Unidos / |c Didímo Castillo Fernéndez | ||
| 260 | |a México, D. F: |b CLACSO. Siglo Ventiuno Editores | ||
| 520 | |a Darío Salinas señala que las propuestas vinculadas al "libre comercio" han venido forjando una política cuyo despliegue integral se produce en términos abiertamente hegemónicos después del 11 de septiembre de 2001. Las concepciones de seguridad y la política económico-comercial constituyen un todo geoestratégico. Ya que la expansión del comercio mundial es parte del concepto de seguridad de Estados Unidos | ||
| 650 | |a HEGEMONIA | ||
| 650 | |a LIBRE COMERCIO | ||
| 650 | |a ESTADOS UNIDOS | ||
| 700 | |a Caputo Leiva, Orlando |a Grobart Sunchine, Fabio |a Hernández Martínez, Jorge |a I. Canales, Alejandro |a Martins, Carlos Eduardo |a Priestley, George |a Quintero Rivera, Ängen G. |a Salinas Figueredo, Darío |a Suárez Salazar, Luis |a Toro Pérez | ||
| 999 | |c 16735 |d 16735 | ||



